Movies Quiz

Random Movies or Nominee Quiz
Score 0/10 Timer 03:00
3 Plays Today
Question Answer Wrong Answers
2000 Gladiator
83.8%
Chocolat
3%
Crouching Tiger, Hidden Dragon
5.9%
Traffic
7.2%
2008 Slumdog Millionaire
81.9%
The Curious Case of Benjamin Button
2.9%
Milk
5.2%
Frost/Nixon
1.2%
2004 Million Dollar Baby
77.8%
The Aviator
8.5%
Finding Neverland
1.5%
Ray
4.8%
2001 A Beautiful Mind
74.5%
Moulin Rouge!
6.9%
In the Bedroom
0.9%
The Lord of the Rings: The Fellowship of the Ring
15.8%
2006 The Departed
73.5%
Babel
4.5%
Letters from Iwo Jima
4.7%
Little Miss Sunshine
9.1%
2007 No Country for Old Men
70.1%
Atonement
3.9%
Juno
3.1%
There Will Be Blood
14.4%
2003 The Lord of the Rings: The Return of the King
69.9%
Lost in Translation
8.5%
Mystic River
9.9%
Seabiscuit
5.9%
2009 The Hurt Locker
69.4%
Avatar
13.4%
The Blind Side
5.6%
Inglorious Basterds
2.7%
2005 Crash
65.5%
Brokeback Mountain
21.7%
Capote
3.4%
Good Night, and Good Luck
1.8%
2002 Chicago
60.2%
Gangs of New York
7.2%
The Pianist
20.7%
The Lord of the Rings: The Two Towers
8.8%
Remove Ads.
Support Sporcle.
Get the best of Sporcle when you Go Orange. This ad-free experience offers more features, more stats, and more fun while also helping to support Sporcle. Thank you for becoming a member.

You're not logged in!

Compare scores with friends on all Sporcle quizzes.
OR
Log In

Show Comments

Extras

Top Quizzes Today


Score Distribution

Your Account Isn't Verified!

In order to create a playlist on Sporcle, you need to verify the email address you used during registration. Go to your Sporcle Settings to finish the process.

Report this User

Report this user for behavior that violates our Community Guidelines.

Details: